000 00913nam a2200265Ia 4500
001 21971
005 20260320113330.0
008 260320s9999||||xx |||||||||||||| ||und||
020 _a9789972510953
041 _aESP
082 _a985
_bK59
100 _aKlarén, Peter F.,
_eAUT
245 0 _aNación y sociedad en la historia del Perú
_b
246 _a
_5
_b
250 _aPrimera edición, octava reimpresión
260 _aLima :
_bIEP Instituto de Estudios Peruanos,
_c2019
300 _a593 páginas :
_bFotografías, mapas ;
_c22 cm.
_e
440 _a(Estudios históricos
_n; número 36)
_v
650 _aHIS
653 _aHistoria del Perú; Historia social - Perú; Política y gobierno - Perú; Estado nacional
654 _aCHU
700 _a
_c
856 _uhttps://0u20jme4p-y-https-www-jstor-org.itmsp.museknowledge.com/
_zVéase además: Base de datos JSTOR
942 _cLIB
_dJUS
_fTRC
_2ddc
_n
999 _c21971
_d21971